Chế tạo và tìm hiểu một số tính chất của keo dán Formal Dehyt Luận văn tốt nghiệp Đại học Sư phạm ngành Hóa Khóa 09

Uloženo v:
Podrobná bibliografie
Hlavní autor: Lưu Thanh Tòng
Médium: Kniha
Jazyk:Undetermined
Vydáno: Cần Thơ Trường Đại học Cần Thơ, Khoa Sư phạm, Bộ môn Hóa 1987
Tagy: Přidat tag
Žádné tagy, Buďte první, kdo otaguje tento záznam!
Thư viện lưu trữ: Trung tâm Học liệu Trường Đại học Cần Thơ
LEADER 00705nam a2200181Ia 4500
001 CTU_26814
008 210402s9999 xx 000 0 und d
082 |a 660 
082 |b T431/1987 
100 |a Lưu Thanh Tòng 
245 0 |a Chế tạo và tìm hiểu một số tính chất của keo dán Formal Dehyt 
245 0 |b Luận văn tốt nghiệp Đại học Sư phạm ngành Hóa Khóa 09 
245 0 |c Lưu Thanh Tòng 
260 |a Cần Thơ 
260 |b Trường Đại học Cần Thơ, Khoa Sư phạm, Bộ môn Hóa 
260 |c 1987 
904 |i Nguyễn Quang Điền, 981020 
980 |a Trung tâm Học liệu Trường Đại học Cần Thơ